Ảnh hưởng số lần đẻ của tôm mẹ đến chất lượng của ấu trùng và hậu ấu trùng tôm sú (Penaeus monodon) : Báo cáo đề tài cấp trường
Nội dung đề tài đánh giá các chỉ tiêu sinh học qua lần đẻ của tôm mẹ biển và tôm me nuôi trong đầm. Đánh giá chất lượng của ấu trùng và hậu ấu trùng tôm sú qua các lần đẻ của tôm mẹ biển và tôm mẹ nuôi trong đầm....
Wedi'i Gadw mewn:
| Prif Awdur: | |
|---|---|
| Fformat: | Llyfr |
| Iaith: | Undetermined |
| Cyhoeddwyd: |
Cần Thơ
Trường Đại học Cần Thơ
2011
|
| Pynciau: | |
| Tagiau: |
Ychwanegu Tag
Dim Tagiau, Byddwch y cyntaf i dagio'r cofnod hwn!
|
| Thư viện lưu trữ: | Trung tâm Học liệu Trường Đại học Cần Thơ |
|---|
| LEADER | 01279nam a2200229Ia 4500 | ||
|---|---|---|---|
| 001 | CTU_205370 | ||
| 008 | 210402s9999 xx 000 0 und d | ||
| 082 | |a 639.6 | ||
| 082 | |b T108 | ||
| 088 | |a TNCS2010-11 | ||
| 100 | |a Châu, Tài Tảo | ||
| 245 | 0 | |a Ảnh hưởng số lần đẻ của tôm mẹ đến chất lượng của ấu trùng và hậu ấu trùng tôm sú (Penaeus monodon) : | |
| 245 | 0 | |b Báo cáo đề tài cấp trường | |
| 245 | 0 | |c Châu Tài Tảo (chủ nhiệm đề tài) ; Nguyễn Thanh phương, Đỗ Thị Thanh Hương, Trần Ngọc Hải (cán bộ phối hợp) | |
| 260 | |a Cần Thơ | ||
| 260 | |b Trường Đại học Cần Thơ | ||
| 260 | |c 2011 | ||
| 520 | |a Nội dung đề tài đánh giá các chỉ tiêu sinh học qua lần đẻ của tôm mẹ biển và tôm me nuôi trong đầm. Đánh giá chất lượng của ấu trùng và hậu ấu trùng tôm sú qua các lần đẻ của tôm mẹ biển và tôm mẹ nuôi trong đầm. | ||
| 650 | |a Shrimp culture,Kỹ thuật nuôi tôm | ||
| 904 | |i Qhieu | ||
| 915 | |a TS | ||
| 980 | |a Trung tâm Học liệu Trường Đại học Cần Thơ | ||